<The> Economic journal <the> quarterly journal of the royal economic society

Gespeichert in:
Bibliographische Detailangaben
Format: Schriftenreihe
Sprache:Englisch
Veröffentlicht: Cambridge University 1985
Tags: Tag hinzufügen
Keine Tags, Fügen Sie das erste Tag hinzu!

MARC

LEADER 00000nas2a2200000 4500
001 s104034
005 20250730114155.1
041 0 |a eng 
044 |a GB 
245 1 0 |a <The> Economic journal  |b <the> quarterly journal of the royal economic society 
264 1 |a Cambridge  |b University  |c 1985 
300 |a 1 zv. 
773 0 |w eu_un_cat*s120145